The communications handbook (Record no. 61123)

000 -LEADER
fixed length control field 00748nam a22002057a 4500
003 - CONTROL NUMBER IDENTIFIER
control field NUST-PNEC
005 - DATE AND TIME OF LATEST TRANSACTION
control field 20170116180715.0
008 - FIXED-LENGTH DATA ELEMENTS--GENERAL INFORMATION
fixed length control field 141016b xxu||||| |||| 00| 0 eng d
020 ## - INTERNATIONAL STANDARD BOOK NUMBER
International Standard Book Number 0849309670
040 ## - CATALOGING SOURCE
Transcribing agency PNEC
082 ## - DEWEY DECIMAL CLASSIFICATION NUMBER
Classification number 621.38'02 GIB
100 ## - MAIN ENTRY--PERSONAL NAME
9 (RLIN) 669
Personal name Gibson, Jerry D.
245 ## - TITLE STATEMENT
Title The communications handbook
Statement of responsibility, etc. Jerry D. Gibson
250 ## - EDITION STATEMENT
Edition statement 2nd ed.
260 ## - PUBLICATION, DISTRIBUTION, ETC.
Place of publication, distribution, etc. Boca Raton, Fla. ; London :
Name of publisher, distributor, etc. CRC Press,
Date of publication, distribution, etc. c2002.
300 ## - PHYSICAL DESCRIPTION
Extent 1 v. (various pagings) :
Other physical details ill. (some col.), maps (some col.) ;
Dimensions 26 cm.
500 ## - GENERAL NOTE
General note Includes Index http://www.amazon.com/Communications-Handbook-Electrical-Engineering/dp/0849309670/ref=sr_1_1?s=books&ie=UTF8&qid=1413458880&sr=1-1&keywords=0849309670
650 ## - SUBJECT ADDED ENTRY--TOPICAL TERM
General subdivision EL, MS COMM
942 ## - ADDED ENTRY ELEMENTS (KOHA)
Source of classification or shelving scheme
Koha item type Book
Holdings
Withdrawn status Lost status Source of classification or shelving scheme Damaged status Not for loan Permanent Location Current Location Shelving location Date acquired Source of acquisition Cost, normal purchase price Total Checkouts Full call number Barcode Date last seen Cost, replacement price Price effective from Koha item type
          Pakistan Navy Engineering College (PNEC) Pakistan Navy Engineering College (PNEC) Reference 04/21/2004 Capital Book Company 11616.00   621.38'02 GIB PNECLIB-026237 10/16/2014 11616.00 04/21/2004 Book
© 2023 Central Library, National University of Sciences and Technology. All Rights Reserved.